| Поле | Инд. | ПП | Название | Значение |
|---|---|---|---|---|
| Тип записи | a | |||
| Библиографический уровень | b | |||
| 001 | Контрольный номер | RU/IS/BASE/257003772 | ||
| 005 | Дата корректировки | 20200629230900.1 | ||
| 008 | Кодируемые данные | 20080222 | ||
| 040 | b | Код языка каталог. | rus | |
| e | Правила каталог. | PSBO | ||
| 041 | 0_ | a | Код языка текста | rus |
| 084 | a | Индекс другой классификации/Индекс ББК | 88.727; 74.57 | |
| 100 | 1_ | a | Автор | Корнев А. Н. |
| q | Полное имя | Корнев Александр Николаевич | ||
| 245 | 10 | a | Заглавие | Современные тенденции в изучении дислексии |
| b | Продолж. заглавия | Природа и механизмы заболевания | ||
| 504 | a | Библиография | Библиогр. ссылки и примеч. | |
| 520 | 0_ | a | Аннотация | Обзор данных зарубежных исследований, основывающийся на материалах 5-го Всемирного конгресса по дислексии (23-27 августа, Салоники) |
| 650 | 04 | a | Основная рубрика | коррекционная педагогика (специальная педагогика) |
| a | Основная рубрика | психология | ||
| a | Основная рубрика | специальная психология | ||
| 653 | 1_ | a | Ключевые слова | дислексия |
| a | Ключевые слова | логопатология | ||
| a | Ключевые слова | логопедия | ||
| a | Ключевые слова | логопсихология | ||
| a | Ключевые слова | нарушения письма | ||
| a | Ключевые слова | нарушения чтения | ||
| a | Ключевые слова | письменная речь | ||
| a | Ключевые слова | психофизиологические нарушения | ||
| 773 | 0_ | t | Заглавие источника | Библиотечное дело |
| d | Дата издания источника | 2007 | ||
| g | Прочая информация | № 04 (52). - С. 29 - 31 | ||
| w | Контрольный № источника | RU/IS/BASE/242833882 | ||
| 901 | t | Тип документа | b |